Consideraciones económicas preelectorales
Uloženo v:
| Médium: | Text |
|---|---|
| Tagy: |
Přidat tag
Žádné tagy, Buďte první, kdo vytvoří štítek k tomuto záznamu!
|
MARC
| LEADER | 00000 a a2200000 04500 | ||
|---|---|---|---|
| 001 | 6670 | ||
| 003 | |||
| 040 | |||
| 245 | |a Consideraciones económicas preelectorales | ||
| 773 | |g volumen 24, número 1054; páginas 7-8 | ||
| 999 | |c 26523 |d 26523 | ||
